| 000 | 00657nam a2200181Ia 4500 | ||
|---|---|---|---|
| 008 | 100917s9999 xx 000 0 und d | ||
| 082 | _b50275 | ||
| 100 | _aअष्टीकर मंदाकिनी | ||
| 245 | _aआणि वणवा शांत झाला | ||
| 260 |
_bबांदोडकर पब्लिशिंग हाऊस / प्रिया प्रकाशन _c1981 |
||
| 300 | _a216 | ||
| 365 | _b30 | ||
| 520 | _aकादंबरी | ||
| 630 | _aआणि वणवा शांत झाला | ||
| 650 | _aकादंबरी | ||
| 730 | _aआणि वणवा शांत झाला | ||
| 942 | _cBOOK | ||
| 999 |
_c655669 _d655666 |
||